| 000 | 00628cam a22002171 4500 | ||
|---|---|---|---|
| 001 | 3113141 | ||
| 005 | 20180302044033.0 | ||
| 008 | 720107s1963 nyu b 000 0 eng | ||
| 010 | _a 63017876 | ||
| 040 |
_aDLC _cDLC _dDLC |
||
| 041 | _aeng | ||
| 043 | _an-us--- | ||
| 080 | _a309.173 sig | ||
| 082 | 0 | 0 | _a309.173 sig |
| 100 | 1 | _aD16 | |
| 101 | _apol | ||
| 245 | 1 | 4 |
_aThe Nation transformed; _cSelected and edited, with introd. and notes by Sigmund Diamond. |
| 504 | _aBibliography: p. 524-528. | ||
| 906 |
_a7 _bcbc _corignew _du _eocip _f19 _gy-gencatlg |
||
| 942 |
_2ddc _cBK |
||
| 999 |
_c43986 _d43986 |
||